Six Letter Geography A-Z #1 - Statistics

General Stats
  • This quiz has been taken 2,084 times
  • The average score is 19 of 26
Answer Stats
Hint Answer % Correct
A Northernmost ocean Arctic
95%
Q French-speaking province of Canada Québec
95%
Z One of the countries starting with Z Zambia
94%
L Riga is its capital Latvia
93%
V City of Freud and Mozart Vienna
93%
I Peninsula of Portugal and Spain Iberia
90%
R Where a genocide in 1994 took place Rwanda
88%
T Capricorn or Cancer Tropic
88%
S Residential area outside the city center Suburb
87%
W Green paste served with Sushi Wasabi
87%
J River on Israel's eastern border Jordan
81%
G Over 500 million live in the basin of this river Ganges
80%
H Main island of Japan Honshu
78%
K Where "The Wizard of Oz" was set Kansas
77%
Y Sea west of Korea Yellow
74%
B World's oldest and deepest lake Baikal
73%
M Two Asian capitals lie on this river Mekong
70%
N Most commonly spoken native language in the U.S. Navajo
70%
U Province in which Northern Ireland is Ulster
66%
E Highest mountain in Europe Elbrus
59%
C Primary export of Ethiopia Coffee
58%
D War-torn region of Sudan Darfur
57%
F Largest city in California's Central Valley Fresno
55%
P Fertile grassland area of Uruguay, Argentina, and southern Brazil Pampas
51%
O Longest river in South Africa Orange
46%
X Chinese city on the Taiwan Strait Xiamen
35%
No matching quizzes found
Score Distribution
Percent of People with Each Score
Percentile by Number Answered
Your Score History
You have not taken this quiz